书目信息 |
| 题名: |
建筑工程经济与管理
|
|
| 作者: | 武育秦 主编 | |
| 分册: | ||
| 出版信息: | 武汉 武汉工业大学出版社 1997.11 |
|
| 页数: | 238页 | |
| 开本: | 16开 | |
| 丛书名: | ||
| 单 册: | ||
| 中图分类: | F407.9-43 | |
| 科图分类: | ||
| 主题词: | 工业经济--经济理论 | |
| 电子资源: | ||
| ISBN: | 7-5629-1223-8 | |
| 000 | 00582nam0 2200193 45 | |
| 001 | 0010232070 | |
| 005 | 20010105160206.8 | |
| 010 | @a7-5629-1223-8@d16.00元 | |
| 100 | @a20001023d1997 km y0chiy0120 ea | |
| 101 | 0 | @achi |
| 105 | @a z 000yy | |
| 200 | 1 | @a建筑工程经济与管理@AJian Zhu Gong Cheng Jing Ji YuGuan Li@f武育秦主编@FWu Yu Qin Zhu Bian |
| 210 | @a武汉@c武汉工业大学出版社@d1997.11 | |
| 215 | @a238页@d16开 | |
| 606 | 0 | @a工业经济@x经济理论 |
| 690 | @aF407.9-43@v3 | |
| 701 | 0 | @a武育秦@4主编 |
| 801 | @aCN@bPftUser@c20001023 | |
| 905 | @dF407.9-43@eW695@b519145-147@f3 | |
| 建筑工程经济与管理/武育秦主编.-武汉:武汉工业大学出版社,1997.11 |
| 238页;16开 |
| ISBN 7-5629-1223-8:16.00元 |
| ● |
| 相关链接 |
|
|
|
正题名:建筑工程经济与管理
索取号:F407.9-43/W695
 
预约/预借
| 序号 | 登录号 | 条形码 | 馆藏地/架位号 | 状态 | 备注 |
| 1 | 519145 | 205191451 | 社科二线422/409社科库 35排2列4层/ [索取号:F407.9-43/W695] | 在馆 | |
| 2 | 519146 | 205191460 | 社科二线422/409社科库 35排2列4层/ [索取号:F407.9-43/W695] | 在馆 | |
| 3 | 519147 | 205191479 | 社科二线422/409社科库 35排2列4层/ [索取号:F407.9-43/W695] | 在馆 |